Para comprender la psicología

Spremljeno u:
Bibliografski detalji
Glavni autor: Beltrán Llera, Jesús A (Autor)
Format: Knjiga
Jezik:španjolski
Izdano: Pamplona Verbo Divino 1988
Izdanje:5a. ed
Serija:Para Comprender, 17
Teme:
Oznake: Dodaj oznaku
Bez oznaka, Budi prvi tko označuje ovaj zapis!

MARC

LEADER 00000nam a2200000 a 4500
001 UCL9662
003 CL-VaPUC
008 040820e19880000SP |||||||||||||||||spa|d
020 |a 8471515962 
082 0 4 |a 150  |b BEL  |2 21 
100 0 |a Beltrán Llera, Jesús A  |e author  |9 487566 
245 1 0 |a Para comprender la psicología 
250 |a 5a. ed 
300 |a 384 p 
942 |c BK 
945 |d 20040820 00:00:00  |a cmena 
260 |a Pamplona  |b Verbo Divino  |c 1988 
650 0 |a Psicología   |9 257863 
650 7 |a CIENCIAS DEL COMPORTAMIENTO  |2 CL-VaPUC  |9 487567 
650 0 |a Desarrollo mental   |9 313003 
650 0 |a Personalidad   |9 307255 
650 0 |a Aprendizaje   |9 254827 
650 0 |a Emociones   |9 265224 
583 |a last modification  |c 20130402 09:04:32  |k Rodrigo Vera 
490 0 |a Para Comprender, 17 
999 |c 310379  |d 310377 
952 |0 0  |1 0  |4 0  |6 150_000000000000000_BEL_1988  |7 0  |8 A  |9 378727  |a BIBTEO  |b BIBTEO  |d 2019-11-21  |i 4050266  |l 1  |m 2  |o 150 BEL 1988  |p 4050266  |r 2025-01-17  |s 2023-04-10  |w 2019-11-21  |y BK  |k ICR